Āma khaṇija sampada. (Record no. 69294)

MARC details
000 -LEADER
fixed length control field 00576cam a22002291 4500
001 - CONTROL NUMBER
control field sa 66004255
003 - CONTROL NUMBER IDENTIFIER
control field DLC
005 - DATE AND TIME OF LATEST TRANSACTION
control field 20260227112241.0
008 - FIXED-LENGTH DATA ELEMENTS--GENERAL INFORMATION
fixed length control field 941012s1964 ii ab 000 0 orio
010 ## - LIBRARY OF CONGRESS CONTROL NUMBER
LC control number sa 66004255
025 ## - OVERSEAS ACQUISITION NUMBER
Overseas acquisition number PL480:I-O-504
035 ## - SYSTEM CONTROL NUMBER
System control number (OCoLC)31273928
040 ## - CATALOGING SOURCE
Original cataloging agency DLC
Transcribing agency CU
Modifying agency CU
-- DLC
042 ## - AUTHENTICATION CODE
Authentication code premarc
050 00 - LIBRARY OF CONGRESS CALL NUMBER
Classification number TN104.O7
Item number M3
100 1# - MAIN ENTRY--PERSONAL NAME
Personal name Mahānti, Manamohana.
245 10 - TITLE STATEMENT
Title Āma khaṇija sampada.
260 ## - PUBLICATION, DISTRIBUTION, ETC.
Date of publication, distribution, etc. [1964]
300 ## - PHYSICAL DESCRIPTION
Extent 79 p.
Other physical details ill., maps.
Dimensions 22 cm.
500 ## - GENERAL NOTE
General note In Oriya.
650 #0 - SUBJECT ADDED ENTRY--TOPICAL TERM
Topical term or geographic name entry element Mineral industries
Geographic subdivision India
-- Orissa.

No items available.

Powered by Koha